Catálogo
 En Linea

La iglesia y las nuevas perspectivas de la cuestion social. / (Registro nro. 42209)

Detalles MARC
000 -CABECERA
campo de control de longitud fija 00570nam a2200169 a 4500
001 - NÚMERO DE CONTROL
campo de control 000042720
005 - FECHA Y HORA DE LA ÚLTIMA TRANSACCIÓN
campo de control 20201002040339.0
008 - DATOS DE LONGITUD FIJA--INFORMACIÓN GENERAL
campo de control de longitud fija 140206s1968 sp 000 0 spa d
040 ## - FUENTE DE LA CATALOGACIÓN
Centro catalogador/agencia de origen DO-SdBNP
Lengua de catalogación spa
Centro/agencia transcriptor BNPHU
100 1# - ENTRADA PRINCIPAL--NOMBRE DE PERSONA
Nombre de persona Joblin, J.
9 (RLIN) 70036
245 13 - MENCIÓN DE TÍTULO
Título La iglesia y las nuevas perspectivas de la cuestion social. /
Mención de responsabilidad, etc. J. Joblin; traducción, Juan A. Segarra.
260 ## - PUBLICACIÓN, DISTRIBUCIÓN, ETC.
Lugar de publicación, distribución, etc. Madrid :
Nombre del editor, distribuidor, etc. Razón y fe,
Fecha de publicación, distribución, etc. 1968.
300 ## - DESCRIPCIÓN FÍSICA
Extensión 221 p. ;
Dimensiones 22 cm.
490 1# - MENCIÓN DE SERIE
Mención de serie Ideas sociales y políticas
Designación de volumen o secuencia 5
700 1# - PUNTO DE ACCESO ADICIONAL--NOMBRE DE PERSONA
Nombre de persona Segarra, Juan A.
9 (RLIN) 70037
830 #0 - PUNTO DE ACCESO ADICIONAL DE SERIE-TÍTULO UNIFORME
Título uniforme Ideas sociales y políticas
Designación de volumen o secuencia 5
9 (RLIN) 70038
Existencias
Estado de retiro Estado de pérdida Restricciones de uso No para préstamo Código de colección Localización permanente Ubicación/localización actual Ubicación en estantería Fecha de adquisición Número de inventario Total de préstamos Signatura topográfica completa Código de barras Fecha visto por última vez Precio válido a partir de Tipo de ítem Koha
      Excluido de préstamo Monografías: Libros y Folletos General General En catalogación 06.02.2014 LF1   42720-10 25.06.2020 25.06.2020 No se presta

Con tecnología Koha